000 00408nam a2200133Ia 4500
008 220216s9999 xx 000 0 und d
100 _aRobinson J G
245 0 _aSimple method for the determination of the degree of uniformity of cure in various parts of open steam vulcanising pans
260 _bIRI Transactions
_c1933
300 _a468-472
650 _aCuring
650 _aVulcanization
942 _cJS
999 _c68722
_d68722